000 00741nam a2200241 i 4500
001 9417
003 ES-MaACL
005 20230906145653.0
007 t|
008 930827s1987 sp ||||1| spa d
020 _a84-398-8591-1
080 _a86-14"19"
080 _a86(Rodríguez,L.E.7 S.01)
100 1 _aRodríguez, Ligia Esther.
_998275
245 1 4 _aLos Sucesivos milagros /
_cLigia Esther Rodríguez.
250 _a[1ª ed.].
260 _aLas Palmas de Gran Canaria :
_bAlegranza,
_c1987.
300 _a16 p. ;
_c20 cm.
490 1 _aAlegranza. Serie verde, Alegranza nueva ;
_v1.
830 0 _aAlegranza. Serie verde, Alegranza nueva ;
_v1.
_9178474
852 _aES-MaACL
_j2146-F-24
_bR.116081
999 _c9417
_d9417